Bernstein Operators and Their Properties

This book provides comprehensive information on the main aspects of Bernstein operators, based on the literature to date. Bernstein operators have a long-standing history and many papers have been written on them. Among all types of positive linear operators, they occupy a unique position because of...

Full description

Main Author: Bustamante, Jorge. (Author, http://id.loc.gov/vocabulary/relators/aut)
Corporate Author: SpringerLink (Online service)
Language:English
Published: Cham : Springer International Publishing : Imprint: Birkhäuser, 2017.
Edition:1st ed. 2017.
Subjects:
Online Access:https://doi.org/10.1007/978-3-319-55402-0
LEADER 02848nam a22004455i 4500
001 978-3-319-55402-0
003 DE-He213
005 20210619040228.0
007 cr nn 008mamaa
008 170414s2017 gw | s |||| 0|eng d
020 |a 9783319554020  |9 978-3-319-55402-0 
024 7 |a 10.1007/978-3-319-55402-0  |2 doi 
050 4 |a QA401-425 
072 7 |a PBKJ  |2 bicssc 
072 7 |a MAT034000  |2 bisacsh 
072 7 |a PBKJ  |2 thema 
082 0 4 |a 511.4  |2 23 
100 1 |a Bustamante, Jorge.  |e author.  |4 aut  |4 http://id.loc.gov/vocabulary/relators/aut 
245 1 0 |a Bernstein Operators and Their Properties  |h [electronic resource] /  |c by Jorge Bustamante. 
250 |a 1st ed. 2017. 
264 1 |a Cham :  |b Springer International Publishing :  |b Imprint: Birkhäuser,  |c 2017. 
300 |a XII, 420 p.  |b online resource. 
336 |a text  |b txt  |2 rdacontent 
337 |a computer  |b c  |2 rdamedia 
338 |a online resource  |b cr  |2 rdacarrier 
347 |a text file  |b PDF  |2 rda 
505 0 |a Preface -- Preliminaries -- Basic properties of Bernstein operators -- Bernstein polynomials as linear operators -- Upper estimates of the error with Bernstein operators -- Bernstein type inequalities -- Converse results -- Iterates of Bernstein polynomials -- Linear combination of Bernstein polynomials -- Final comments. 
520 |a This book provides comprehensive information on the main aspects of Bernstein operators, based on the literature to date. Bernstein operators have a long-standing history and many papers have been written on them. Among all types of positive linear operators, they occupy a unique position because of their elegance and notable approximation properties. This book presents carefully selected material from the vast body of literature on this topic. In addition, it highlights new material, including several results (with proofs) appearing in a book for the first time. To facilitate comprehension, exercises are included at the end of each chapter. The book is largely self-contained and the methods in the proofs are kept as straightforward as possible. Further, it requires only a basic grasp of analysis, making it a valuable and appealing resource for advanced graduate students and researchers alike. 
650 0 |a Approximation theory. 
650 1 4 |a Approximations and Expansions.  |0 https://scigraph.springernature.com/ontologies/product-market-codes/M12023 
710 2 |a SpringerLink (Online service) 
773 0 |t Springer Nature eBook 
776 0 8 |i Printed edition:  |z 9783319554013 
776 0 8 |i Printed edition:  |z 9783319554037 
776 0 8 |i Printed edition:  |z 9783319856513 
856 4 0 |u https://doi.org/10.1007/978-3-319-55402-0 
912 |a ZDB-2-SMA 
912 |a ZDB-2-SXMS 
950 |a Mathematics and Statistics (SpringerNature-11649) 
950 |a Mathematics and Statistics (R0) (SpringerNature-43713)